000
00318nam a2200109Ia 4500
008
171211s9999 xx 000 0 und d
245
_a
Teaching Gender?: Sex Education and Sexual Stereotypes
245
_c
Tricia Szirom
260
_c
2012
650
_x
Sexuality
856
_u
http://down.ebook777.com/059/B01N0X8H4D.pdf
999
_c
350768
_d
350768